000 00288nam a22001217a 4500
008 170510b xxu||||| |||| 00| 0 eng d
041 _aeng
080 _a34
100 _a15
101 _aSHJ
245 _aJUVENILE DELINQUENCY A JUSTICE PERSECTIVE
_cWEISHEIT.R.A
942 _2udc
_cBK
999 _c13056
_d13056